01190nam a2200241 i 450000100060000000300090000600500170001500700030003200800410003524502160007626000390029230000210033150000560035250502940040865100210070270000280072370000260075170000360077770000270081370000380084071000370087885200330091544694ES-MaACL20250928134702.0t|030324s1952 cu ||||1| spa d06aEn el cincuentenario de la Independencia b: discursos leídos por los Académicos ... en la sesión solemne celebrada el día 21 de mayo de 1952 /cpalabras de apertura por Emeterio S. Santovenia y Echaide. aLa Habana : bEl Siglo XX, c1952. a60 p. ; c24 cm. aPrecede al tít.: Academia de la Historia de Cuba.8 aContiene: Organización del poder judicial / por Enrique Gay-Calbó. Organización y constitución del poder legislativo / José Manuel Pérez Cabrera. Organización e inauguración del poder ejecutivo / por Juan J. Remos. Cuba en el concierto internacional / Cosme de la Torriente 4aCuba-xHistoria.1 aSantovenia, Emeterio S.1 aGay Calbó, Enrique.1 aPérez Cabrera, José Manuel.1 aRemos y Rubio, Juan J.1 aTorriente, Cosme de la, dn. 18722 aAcademia de la Historia de Cuba. aES-MaACLj1976-F-5 bR.32687